书目信息 |
| 题名: |
再看美国
|
|
| 作者: | 布鲁克 , Broukal , 米尔霍玛 , Milhomme 著 ;张丙松 注释 | |
| 分册: | ||
| 出版信息: | 济南 山东科学技术出版社 2003 |
|
| 页数: | 193页 | |
| 开本: | 21cm | |
| 丛书名: | 美国文化一览 | |
| 单 册: | ||
| 中图分类: | H319.4 | |
| 科图分类: | ||
| 主题词: | 英语--语言读物 | |
| 电子资源: | ||
| ISBN: | 7-5331-3341-2 | |
| 000 | 01034nam2 2200301 45 | |
| 005 | 20041213145523.36 | |
| 010 | @a7-5331-3341-2@dCNY 13.50 | |
| 100 | @a20030306d2003 ekmy0chiy0121 ea | |
| 101 | 0 | @achi@aeng |
| 102 | @aCN@b370000 | |
| 105 | @aa z 000yy | |
| 200 | 1 | @a再看美国@Azai kan mei guo@dMore about the USA@f(美)布鲁克(Milada Broukal), 米尔霍玛(Janet Milhomme)著@g张丙松注释@zeng |
| 210 | @a济南@c山东科学技术出版社@d2003 | |
| 215 | @a193页@c图@d21cm | |
| 225 | 2 | @a美国文化一览@dA cultural reader@zeng |
| 330 | @a本书内容: Susan Butcher on the Iditarod Trail; oprah winfrey...... | |
| 410 | 0 | @12001 @a美国文化一览 |
| 510 | 1 | @aMore about the USA@zeng |
| 510 | 1 | @aA cultural reader@zeng |
| 606 | 0 | @a英语@j语言读物 |
| 690 | @aH319.4@v4 | |
| 701 | 1 | @a布鲁克@Abu lu ke@bM.@4著 |
| 701 | A1 | @aBroukal@bMilada@4著 |
| 701 | 1 | @a米尔霍玛@Ami er huo ma@bJ.@4著 |
| 701 | A1 | @aMilhomme@bJanet@4著 |
| 702 | 0 | @a张丙松@Azhang bing song@4注释 |
| 801 | 0 | @aCN@bQSSK51@c20041213 |
| 905 | @a10447@dH319.4@eB9822 | |
| 再看美国=More about the USA/(美)布鲁克(Milada Broukal), 米尔霍玛(Janet Milhomme)著/张丙松注释.-济南:山东科学技术出版社,2003 |
| 193页:图;21cm.-(美国文化一览=A cultural reader) |
| ISBN 7-5331-3341-2:CNY 13.50 |
| 本书内容: Susan Butcher on the Iditarod Trail; oprah winfrey...... |
| ● |
| 相关链接 |
|
|
|
正题名:再看美国
索取号:H319.4/B9822
 
预约/预借
| 序号 | 登录号 | 条形码 | 馆藏地/架位号 | 状态 | 备注 |
| 1 | 433165 | 204331650 | 语言库209/209语言库 44排2列6层/ [索取号:H319.4/B9822] | 在馆 | |
| 2 | 433166 | 204331669 | 语言库209/209语言库 44排2列6层/ [索取号:H319.4/B9822] | 在馆 | |
| 3 | 433167 | 204331678 | 语言库209/209语言库 44排2列6层/ [索取号:H319.4/B9822] | 在馆 |